|
|
|
|
| LEADER |
00000cam a2200000 7i4500 |
| 001 |
0000008773 |
| 005 |
20161102.0 |
| 040 |
|
|
|a INS
|
| 090 |
0 |
0 |
|a KNU1067.5
|b K37 1972
|
| 100 |
0 |
|
|a Karmali, A. E.
|
| 245 |
0 |
4 |
|a The Law of ownership flat and apartments
|c A. E. Karmali
|
| 250 |
|
|
|a 2nd. ed.
|
| 260 |
|
|
|a Bombay :
|b N. M. Tripathi ,
|c 1972
|
| 260 |
|
|
|a Home ownership
|
| 300 |
|
|
|a 560p. ;
|c 25 cm.
|
| 500 |
|
|
|a Includes index
|
| 650 |
0 |
0 |
|a Apartments house
|x Law and legislation
|x India
|
| 650 |
0 |
0 |
|a Home ownership
|
| 650 |
0 |
0 |
|a Housing, cooperative
|x Law and legislation
|z India
|
| 999 |
|
|
|a 0000024146
|b BOOK
|c Open Shelf
|e Default branch
|